LEADER 01529nam a2200325 a 4500 001 000000117404 003 CaOOAMICUS 005 20091014155747.0 008 091014s2002 it u000 u ita r 020 $a978-88-220-6252-9 040 $aPUL$bita$dReb 041 1 $aita$heng 100 1 $aFreidson, Eliot.$0(OLS)http://pul/name/73222 240 10$aProfessionalism. The Third logic$lItaliano.$0(OLS)http://pul/title/147740 245 10$aProfessionalismo :$bla terza logica /$cEliot Freidson ; prefazione di Magali Sarfatti Larson e Mirella Giannini. 260 $aBari :$bedizioni Dedalo,$cİ2002. 300 $a348 p. ;$c21 cm. 490 1 $aNuova Biblioteca Dedalo$aSerie Sociologia ;$v252 504 $aBibliografia p. 321-343 650 4$aSociologia del lavoro.$0(OLS)http://pul/subject/12565 650 4$aLavoro$xAspetti economici e sociali.$0(OLS)http://pul/subject/1142 700 1 $aLarson, Magali Sarfatti.$0(OLS)http://pul/name/73224 700 1 $aGiannini, Mirella.$0(OLS)http://pul/name/73223 830 0$aNuova Biblioteca Dedalo$pSerie Sociologia ;$v252.$0(OLS)http://pul/title/147742 850 $aPUL 852 $aPUL$W1$xSL Diritto e Scienze Sociali 3$y79$m306. 36 FREEL 1$j134733$qDDC 21$B133703$CPULBib$Z2$F133703 $H111383 $82 941 1 $a9 996 $6020$a978-88-220-6252-9$9(OLS)http://pul/number/142057 996 $6245$aProfessionalismo :$bla terza logica$9(OLS)http://pul/title/147741 996 $6260$aBari :$bedizioni Dedalo$9(OLS)http://pul/publisher/80778 LEADER 01442nam a2200325 a 4500 001 000000168066 003 CaOOAMICUS 005 20180607104715.0 008 180607s1970 it a u000 u ita r 032 $aLibriCat 040 $aPUL$bita 041 1 $aita$hfre 100 1 $aLevine, Jacques.$0(OLS)http://pul/name/108221 240 10$aMon enfant sera eleve.$lItaliano.$0(OLS)http://pul/title/208248 245 13$aIl bambino e la scuola /$cJacques Levine, Guy Vermeil e Georges Pernoud ; edizione italiana a cura di Luigi Volpicelli ; traduzione di Margherita Rigone. 260 $aMilano :$bArnoldo Mondadori,$cİ1970. 300 $aVIII, 351 p. :$bill. ;$c19 cm. 490 1 $aOscar casa ;$vL 25 650 4$aPsicologia educativa.$0(OLS)http://pul/subject/3457 700 1 $aVermeil, Guy.$0(OLS)http://pul/name/108222 700 1 $aVolpicelli, Luigi,$d1900-1983.$0(OLS)http://pul/name/13526 700 1 $aPernoud, Georges.$0(OLS)http://pul/name/108223 700 1 $aRigone, Margherita.$0(OLS)http://pul/name/108224 830 0$aOscar casa ;$vL 25.$0(OLS)http://pul/title/208250 850 $aPUL 852 $aPUL$W1$xDP1 Fondo Dalla Palma$y117$m4 A 61$j163152$qFondi$B195883$CPULBib$Z2$F195883 $HDal2859 $81 941 1 $a1 996 $6245$aIl bambino e la scuola$9(OLS)http://pul/title/208249 996 $6260$aMilano :$bArnoldo Mondadori$9(OLS)http://pul/publisher/60431